Ekonomika Indie: po váhavém startu impozantní nástup

Stručná rekapitulácia okolností a medzníkov hospodárskeho vývoja Indie. Identifikácia dlhodobo pôsobiacich rastových faktorov a prekážok. Východiská pre ďalšiu expanziu. Svetové ekonomické centrá a India - podiely na svetovom HDP, obchode a obyvateľstve v rokoch 2000 a 2003. India a Čína - rivalita...

Description complète

Enregistré dans:
Détails bibliographiques
Auteur principal: Fárek, Jiří
Format: Chapitre de livre
Langue:tchèque
Sujets:
Tags: Ajouter un tag
Pas de tags, Soyez le premier à ajouter un tag!

MARC

LEADER 00000naa$a2200000$$$4500
001 0021717
005 20231016091550.9
041 0 |a cze 
044 |a CZ 
245 1 0 |a Ekonomika Indie: po váhavém startu impozantní nástup  |c Jiří Fárek 
520 |a Stručná rekapitulácia okolností a medzníkov hospodárskeho vývoja Indie. Identifikácia dlhodobo pôsobiacich rastových faktorov a prekážok. Východiská pre ďalšiu expanziu. Svetové ekonomické centrá a India - podiely na svetovom HDP, obchode a obyvateľstve v rokoch 2000 a 2003. India a Čína - rivalita a zbližovanie ekonomických systémov. Prognóza poradia najväčších ekonomík v roku 2050. 
610 2 0 |a hospodárstvo svetové 
610 2 0 |a vývoj hospodársky 
610 2 0 |a ukazovatele ekonomické 
610 2 0 |a história 
610 2 0 |a politika 
610 2 0 |a demografia 
610 2 0 |a Japonsko 
610 2 0 |a Európska únia 
610 2 0 |a USA 
100 1 |a Fárek, Jiří